[Event "Moscow Smyslov-D"]
[Site "Moscow"]
[Date "2025.06.05"]
[Round "4"]
[White "Osmanov, Ilya Tim"]
[Black "Kochergin, Vladimir"]
[Result "1-0"]
[WhiteElo "1474"]
[BlackElo "1408"]
[PlyCount "119"]
[EventDate "2025.06.02"]
[EventType "swiss"]
[EventRounds "8"]
[EventCountry "RUS"]
[SourceTitle "CB29_2025"]
[SourceDate "2025.07.16"]
[SourceVersion "1"]
[SourceVersionDate "2025.07.16"]
[SourceQuality "1"]

1. d4 d5 2. Bf4 Bf5 3. c4 e6 4. Nc3 Bd6 5. Bg3 Bxg3 6. hxg3 Nc6 7. e3 Nf6 8. Nf3 h6 9. a3 0-0 10. cxd5 exd5 11. Bd3 Bxd3 12. Qxd3 Re8 13. Kf1 a6 14. Ne2 Qe7 15. Nf4 Rad8 16. Rc1 Qe4 17. Ke2 Qxd3+ 18. Nxd3 Re7 19. Nc5 Rb8 20. Nh4 g6 21. Nf3 Kg7 22. b4 Nd8 23. Ne5 Ne6 24. Nxe6+ fxe6 25. Rh3 c6 26. Rch1 Rh8 27. g4 g5 28. g3 Nd7 29. Nxd7 Rxd7 30. f4 Kg6 31. Rh5 Rdh7 32. Kf3 Rf8 33. e4 Rff7 34. exd5 cxd5 35. Re1 Rf6 36. Reh1 Rff7 37. Ke3 Re7 38. R5h2 b5 39. Rc2 Rc7 40. Rhc1 Rc4 41. Kd3 Rhc7 42. Rxc4 Rxc4 43. Re1 Kf6 44. Rh1 Kg6 45. f5+ exf5 46. gxf5+ Kh7 47. Re1 Rc6 48. Re7+ Kg8 49. Rd7 h5 50. Rxd5 h4 51. gxh4 gxh4 52. Re5 Rc1 53. f6 Ra1 54. Rh5 h3 55. Ke4 Rxa3 56. Kd5 Kf7 57. Rh6 Rf3 58. Kc5 Rf5+ 59. d5 Rxf6 60. Rxh3 1-0

[Event "Moscow Smyslov-D"]
[Site "Moscow"]
[Date "2025.06.03"]
[Round "2"]
[White "Osmanov, Ilya Tim"]
[Black "Karaketov, Mansur Sos"]
[Result "1-0"]
[WhiteElo "1474"]
[BlackElo "1415"]
[PlyCount "119"]
[EventDate "2025.06.02"]
[EventType "swiss"]
[EventRounds "8"]
[EventCountry "RUS"]
[SourceTitle "CB29_2025"]
[SourceDate "2025.07.16"]
[SourceVersion "1"]
[SourceVersionDate "2025.07.16"]
[SourceQuality "1"]

1. d4 d5 2. Bf4 Nf6 3. e3 e6 4. Nf3 c5 5. c3 Nc6 6. Nbd2 Bd6 7. Bg3 0-0 8. Bd3 Qe7 9. Ne5 Qc7 10. f4 Ne7 11. Bh4 Ne8 12. Qh5 g6 13. Qg4 f6 14. Qg3 f5 15. Bg5 c4 16. Bc2 b5 17. a3 a5 18. h4 Rb8 19. h5 Bxe5 20. fxe5 b4 21. Qh4 Rf7 22. Qh3 bxc3 23. bxc3 Rb2 24. Ba4 Bd7 25. Bxd7 Qxd7 26. Bxe7 Qxe7 27. hxg6 Rg7 28. gxh7+ Kh8 29. Qf3 Qg5 30. Rh2 Rxh7 31. Rxh7+ Kxh7 32. 0-0-0 Ra2 33. Rh1+ Kg8 34. Rh3 Kf7 35. Qe2 Rxa3 36. Kb2 Ra4 37. Qh5+ Qxh5 38. Rxh5 Ng7 39. Rh6 Ne8 40. Nf3 Ng7 41. Ng5+ Ke7 42. Rg6 Ne8 43. Rxe6+ Kd7 44. Rh6 Nc7 45. Rh7+ Kc8 46. Rxc7+ Kxc7 47. Ne6+ Kb6 48. Nc5 Kb5 49. Nxa4 Kxa4 50. e6 Kb5 51. e7 Kc6 52. e8Q+ Kd6 53. Qe5+ Kc6 54. Ka3 a4 55. Kxa4 f4 56. exf4 Kd7 57. Kb5 Kc8 58. Kc6 Kd8 59. f5 Kc8 60. Qc7# 1-0

[Event "GEO World Cup-B U08"]
[Site "Batumi"]
[Date "2024.06.26"]
[Round "4"]
[White "Rajabov, Abdurakhmon"]
[Black "Osmanov, Ilya Tim"]
[Result "1-0"]
[WhiteElo "1504"]
[BlackElo "1419"]
[PlyCount "71"]
[EventDate "2024.06.23"]
[EventType "swiss"]
[EventRounds "7"]
[EventCountry "GEO"]
[SourceTitle "EXT 2025"]
[Source "ChessBase"]
[SourceDate "2024.10.14"]
[SourceVersion "1"]
[SourceVersionDate "2024.10.14"]
[SourceQuality "1"]

1. e4 e5 2. Nf3 Nf6 3. Nxe5 d6 4. Nf3 Nxe4 5. c3 d5 6. d4 Bd6 7. Bd3 Bf5 8. 0-0 0-0 9. Qc2 Nd7 10. Nfd2 Re8 11. f4 Qh4 12. Nf3 Qh6 13. Ne5 Ndf6 14. Nd2 Ng4 15. Nxg4 Bxg4 16. Nxe4 dxe4 17. Bxe4 g5 18. g3 Kh8 19. fxg5 Qh5 20. Bf4 Bf5 21. Bxf5 Re2 22. g4 Rxc2 23. gxh5 Rxb2 24. Bxd6 cxd6 25. Rfb1 Rd2 26. Rxb7 Rg8 27. Rxf7 Rxg5+ 28. Kh1 Rgg2 29. Rxh7+ Kg8 30. Rg1 Kf8 31. Rxg2 Rd1+ 32. Rg1 Rd2 33. Be6 Rd1 34. Rxd1 d5 35. Rg1 a5 36. Rg8# 1-0